MDQL
is popping MORE tags! Check the
thread
!
Quizzes
Events
Quiz Creation
Community
Videos
Private Events
Remove Ads
Sign In
Join for FREE
Feedback
Dark Mode
Quiz Categories
Sports
Geography
Music
Movies
Television
Just For Fun
Miscellaneous
History
Literature
Language
Science
Gaming
Entertainment
Religion
Holiday
For Kids
Quiz Lab
Recent
Popular Today
Quiz Kudos Today
Editor Picks
Curator Picks
Quizzes by...
Day
Popularity
Type
Ratings
Length
Year
Community
Subscriptions
Recent Discussions
Orange Saloon
Badges
Playlists
Quests
Create
Leaderboards
Showdown
Live 5
Trivia Bingo
Activity
Puzzle Library
Sporcle Events
Private Events
Virtual Trivia
Globe League
Become a Host
Pub Owners
SporcleCon
Opinionation
Our Games
Videos
Blog
Mobile Apps
Partnerships
Remove Ads and Go Orange
Feedback
Television
TV Characters
TV Show
Sitcom
Network
Friends
Reality Shows
Cast
South Park
Star Trek
The Simpsons
Doctor Who
Television
TV Characters
TV Show
Sitcom
Network
Friends
Reality Shows
Cast
South Park
Star Trek
The Simpsons
Doctor Who
Random Quiz
Search Sporcle
×
Quiz Lab
Quiz Lab
Television
Cartoons
Type in answers that appear in a list
Type in answers that appear in a list
Classic
Best Score? Go Orange.
Cartoon catchprahses Stats
Can you name the characters that said these cartoon catchprahses
By
TicTac23
20m
37 Questions
64 Plays
64 Plays
64 Plays
Comments
Comments
Give Quiz Kudos
Give Quiz Kudos
-
- Ratings
hide this ad
Replay
Link that replays current quiz
Next Quiz
Link to next quiz in quiz playlist
You Got
0%
They Got
Avg Score
43%
Avg Friend Score
Upgrade to see
Score Distribution
Jump to the score distribution portion of the page
Score
0/37
Timer
20:00
0
Plays Today
catchphrase
character
% Correct
To infinity and beyond!
Buzz Lightyear
79.7%
Eat my shorts!
Bart Simpson
75%
Zoinks!
Shaggy
75%
Hey there, Boo Boo!
Yogi Bear
73.4%
D'oh!
Homer Simpson
71.9%
Be vewy vewy quiet. I'm hunting wabbits!
Elmer Fudd
70.3%
What's Up Doc?
Bugs Bunny
70.3%
I tawt a taw a puddy tat! I did! I did taw a puddy tat!
Tweety Bird
67.2%
Let's Split Up Gang
Fred
65.6%
You're deth-
picable!
Daffy Duck
64.1%
What a ham!
Velma
60.9%
Ah say...ah say
Foghorn Leghorn
59.4%
By the power of Grayskull!
He-man
56.3%
I have had all I can stand and I can't stands no more!
Popeye
54.7%
Gee Brain, what are we gonna do tonight?
Pinky
54.7%
Hey, hey, hey!
Fat Albert
51.6%
Screw you guys, I'm going home!
Eric Cartman
48.4%
Release the Hounds!
Mr. Burns
46.9%
Oh, man!
Swiper
46.9%
catchphrase
character
% Correct
This town ain't big enough fer the two of us!
Yosemite Sam
42.2%
Arriba! Arriba!
Speedy Gonzales
40.6%
Freakin' sweet!
Peter Griffin
39.1%
It's hero time!
Ben
37.5%
Oh my God! They killed Kenny!
Stan Marsh
34.4%
What the deuce?
Stewie Griffin
34.4%
Giggity
Glenn Quagmire
32.8%
Oh, there you are Perry.
Phineas Flynn
28.1%
Oh, that's nasty.
Cleveland Brown
23.4%
Hello, children.
Chef
18.8%
Allow me to introduce myself. My name is -
-
-
, Genius.
Wile. E. Coyote
14.1%
You bastards!
Kyle Broflovski
14.1%
Hello, nurse!
Yakko and Wakko
14.1%
Howdy-
ho!
Mr. Hankey
14.1%
Mm'kay.
Mr. Mackey
10.9%
Th-
th-
th-
th-
That's all, folks!
Pork Pig
9.4%
Cowabunga!/
Booyakasha!
Ninja Turtles
6.3%
Criminy.
Helga Pataki
4.7%
Quiz Playlist
Details
Report
Send in Message
Add To Playlist
Classic:
Type in answers that appear in a list
Last Updated: Feb 16, 2017
Quiz Scoreboard
CHALLENGE
Sign Up to Join the Scoreboard
Show All
Scores
Hide
Comments
May contain spoilers
Recently Published
Holiday 10x10 Sorting Gallery
by lukepisani3
Holiday
15m
Two Season TV Shows II
by 123Four
Television
10m
Image Sorting: Flags VI
by Barbecue
Geography
2m
More to Explore
Quiz From the Vault
Featured Blog Post
14 Easter Pick-up Lines to Find Eggs With
hide this ad
You Might Also Like...
Tags
Cartoons Quiz
Cartoon Characters
catchphrase
Today's Top Quizzes in Television
Browse Television
hide this ad
Today's Top Quizzes in Cartoons
Browse Cartoons
Top Contributed Quizzes in Television
1
Survivor Journey Challenge
2
Even More Two Season TV Shows
3
Adjectives in 00s TV Shows
4
Even More Three Season TV Shows
5
Survivor Logic Puzzle: Heroes vs. Villains
6
Adjectives in 10s TV Shows
7
One Season TV Shows
8
One Piece Logic Puzzle
9
Brooklyn Nine Nine Logic Puzzle (How-To-Play)
10
Click the SpongeBob Episodes (Season 3)
Explore More
Trending Topics
Marvel
Disney
Anime
Kpop
Crossword
NBA
Harry Potter
NFL
WWE
Pokémon
Puzzle
Soccer
Song
The Office
Country
hide this ad
More By:
TicTac23
Quiz
Plays
Rating
Category
Featured
Created
Hetalia Human Names
1,006
Television
Feb 24, 2014
The Outsiders Quotes
969
4.00
Movies
Nov 7, 2013
Goonies Blitz
250
3.50
Movies
Mar 3, 2014
anime catchphrases (English Dub)
227
2.00
Television
May 6, 2014
Eveelution Blitz
203
Gaming
Feb 26, 2014
Go to Creator's Profile
Score Distribution
Quiz Creator Spotlight
TicTac23
Follow
Send a Message
Quizzes Created
-
Created Quiz Play Count
-
More By This Creator
Popular Quizzes Today
1
Find the US States - No Outlines Minefield
2
Colored Red Africa Blitz
3
Find the 'City' Movie
4
The Countries of the World
5
Find the US States
6
5x2 Blitz: Bands
7
Find the Countries of Europe - No Outlines Minefield
8
US States
More Television Quizzes
Survivor and Big Brother Winner Matchups!
Quiz Lab
Trending Quizzes
Colored Red Europe Blitz I
Colored Red Europe Blitz II
Colored Red Africa Blitz II
Colored Red Europe Blitz III
Colored Red Africa Blitz III
Recently Updated
Odd Team Out - Big 4 Players
pecheneg
Quick Pick: 20 Twenties
pecheneg
March Madness Men's Triple Doubles
pecheneg
How Do You Spell That?
pecheneg
Godzilla Movies
pecheneg
Grab Bag: 4-10 Letters
pecheneg
2024 March Madness Bracket
pecheneg
Famous TV Couples
Peacemaker
Champions League XIs: Real Madrid
pecheneg
Largest US Cities 1790-2010
pecheneg
Trending Topics
Anime
Marvel
Harry Potter
Crossword
Kpop
Disney
NBA
Puzzle
Soccer
Pokémon
NFL
WWE
Country
The Office
Song
Your Account Isn't Verified!
In order to create a playlist on Sporcle, you need to verify the email address you used during registration. Go to your
Sporcle Settings
to finish the process.
Report this User
Report this user for behavior that violates our
Community Guidelines
.
Details:
Send Report
Go to the Sporcle.com Mobile Site →
Comments